Normal view
MARC view
- Ghulam Jilani Barq, Dr.
Entry Personal Name
001 - CONTROL NUMBER
- control field: 9219
003 - CONTROL NUMBER IDENTIFIER
- control field: NUST
005 - DATE AND TIME OF LATEST TRANSACTION
- control field: 20180120142759.0
008 - FIXED-LENGTH DATA ELEMENTS
- fixed length control field: 180120|| aca||aabn | a|a d
040 ## - CATALOGING SOURCE
- Original cataloging agency: NUST
- Transcribing agency: NUST
100 ## - HEADING--PERSONAL NAME
- Personal name: Ghulam Jilani Barq, Dr.
670 ## - SOURCE DATA FOUND
- Source citation: Work cat.: (NUST)327991: Ghulam Jilani Barq, Dr., Danish e Arb o Ajam, 2011
